Score 0/20 Timer 07:00
1 Play Today
% Correct
The Exorcist
94.4%
Terminator 2: Judgment Day
92.4%
The Shawshank Redemption
91.9%
X-Men
87.9%
Kill Bill: Vol. 1
87.9%
Gremlins
87.9%
Boogie Nights
86.6%
Independence Day
85.8%
Buffy the Vampire Slayer
84.5%
The Truman Show
83.1%
% Correct
Fargo
82.9%
American Psycho
80.1%
Pulp Fiction
80%
Trainspotting
78.8%
Cloverfield
77.8%
American Beauty
77.1%
Stand by Me
76.9%
Fatal Attraction
71.6%
A Clockwork Orange
68.6%
Eternal Sunshine of the Spotless Mind
66.3%

You're not logged in!

Compare scores with friends on all Sporcle quizzes.
OR
Log In

Sporcle TV

Today on Sporcle TV


Watch our educational content, quiz creation guides, and fun videos on Sporcle TV.

Show Comments

Extras

Top Quizzes Today


Score Distribution

Paid Content

Your Account Isn't Verified!

In order to create a playlist on Sporcle, you need to verify the email address you used during registration. Go to your Sporcle Settings to finish the process.

Report this User

Report this user for behavior that violates our Community Guidelines.

Details: